[Event "zonal 2.2"]
[Site "Kingston CAN"]
[Date "1993.05.??"]
[Round "1"]
[White "Basanta, Gary"]
[Black "Day, Lawrence"]
[Result "1/2-1/2"]
[WhiteElo "2215"]
[BlackElo "2395"]
[EventDate "1994.05.14"]
[PlyCount "118"]

1.e4 c5 2.Nf3 g6 3.d4 Bg7 4.Be2 cxd4 5.Nxd4 Nc6 6.Nb3 a5 7.a4 Nf6 8.Nc3 d6
9.O-O Be6 10.Bg5 h6 11.Bh4 Qb6 12.Kh1 Qb4 13.f3 Nd7 14.Nb5 Bxb3 15.Nc7+ 
Kd8 16.Nxa8 Be6 17.c3 Qxb2 18.Rb1 Qa3 19.Rxb7 g5 20.Bf2 Bxc3 21.Bb5 Nce5 
22.Qc1 Qb4 23.Ba6 Nd3 24.Rxb4 Nxc1 25.Rb7 Na2 26.Nb6 Nc5 27.Bxc5 dxc5 28.
Rd1+ Bd4 29.Nd5 Bxd5 30.exd5 Be5 31.Re1 Bc7 32.Bb5 Kc8 33.Bc6 Bd6 34.Ra7 
Rd8 35.Rxa5 Nb4 36.Ra8+ Kc7 37.Rxd8 Kxd8 38.h4 Kc7 39.hxg5 hxg5 40.Be8 f6 
41.Rd1 Kb6 42.Kg1 Be5 43.Kf1 c4 44.Bg6 Ka5 45.Rc1 c3 46.Be4 Kxa4 47.Ke2 
Kb3 48.Rb1+ Kc4 49.g4 Nxd5 50.Bxd5+ Kxd5 51.Kd3 Kc5 52.Rb7 e6 53.Re7 Kd6 
54.Rg7 Bd4 55.Rb7 f5 56.Rb5 Be5 57.Rb6+ Ke7 58.Rb5 Kf6 59.Rc5 fxg4 1/2-1/2

[Event "zonal 2.2"]
[Site "Kingston CAN"]
[Date "1993.05.??"]
[Round "1"]
[White "Gentes, Kevin"]
[Black "Nickoloff, Bryon"]
[Result "1/2-1/2"]
[WhiteElo "2285"]
[BlackElo "2420"]
[EventDate "1994.05.14"]
[PlyCount "61"]

1.d4 Nf6 2.c4 e6 3.Nf3 d5 4.Nc3 Bb4 5.e3 c5 6.a3 Bxc3+ 7.bxc3 O-O 8.Bd3 b6
9.cxd5 exd5 10.O-O Ba6 11.Bxa6 Nxa6 12.Qd3 Qc8 13.Nd2 Re8 14.f3 Qb7 15.Bb2
Re6 16.Rfe1 Rae8 17.Kf2 b5 18.Re2 Nb8 19.Rae1 Nc6 20.Kg1 Na5 21.Bc1 cxd4 
22.cxd4 Rc8 23.e4 Rec6 24.Bb2 Nc4 25.Nb3 Nxb2 26.Rxb2 Rc3 27.Qb1 Qc6 28.e5
Nd7 29.f4 Qc4 30.f5 Nb6 31.Kh1 1/2-1/2

[Event "zonal 2.2"]
[Site "Kingston CAN"]
[Date "1993.05.??"]
[Round "1"]
[White "Livshits, Ron"]
[Black "Huber, Gregory"]
[Result "1-0"]
[WhiteElo "2335"]
[BlackElo "2320"]
[EventDate "1994.05.14"]
[PlyCount "71"]

1.Nf3 Nf6 2.c4 c5 3.Nc3 Nc6 4.d4 cxd4 5.Nxd4 e6 6.Ndb5 Bb4 7.a3 Bxc3+ 8.
Nxc3 Qa5 9.Bd2 Qe5 10.g3 d5 11.Bf4 Qh5 12.Bd6 dxc4 13.Bg2 Bd7 14.O-O Rd8 
15.Bc7 Rc8 16.Qd6 Ng4 17.h3 Qe5 18.Nb5 Qxb5 19.hxg4 Qg5 20.Rac1 h5 21.Rfd1
Qe7 22.Rxc4 e5 23.g5 Qxd6 24.Bxd6 f6 25.f4 Nd4 26.Rxc8+ Bxc8 27.fxe5 Nxe2+
28.Kf2 Bg4 29.Bf3 Nxg3 30.Kxg3 Bxf3 31.Kxf3 fxg5 32.Ke4 g6 33.e6 h4 34.Rc1
Kd8 35.Kd5 g4 36.e7+ 1-0

[Event "zonal 2.2"]
[Site "Kingston CAN"]
[Date "1993.05.??"]
[Round "1"]
[White "Spraggett, Kevin"]
[Black "Hartman, Brian"]
[Result "1/2-1/2"]
[WhiteElo "2540"]
[BlackElo "2370"]
[EventDate "1994.05.14"]
[PlyCount "70"]

1.c4 e5 2.g3 Nf6 3.Bg2 d5 4.cxd5 Nxd5 5.Nc3 Nb6 6.Nf3 Nc6 7.a3 Be7 8.b4 
O-O 9.O-O Re8 10.d3 Bf8 11.Bb2 a5 12.b5 Nd4 13.e3 Nxf3+ 14.Bxf3 a4 15.Qc2 
Bh3 16.Rfc1 Ra7 17.Ne4 Ra5 18.Nc3 Ra7 19.Qe2 Qd7 20.Rd1 Be6 21.Rac1 f6 22.
g4 Rd8 23.h3 Bb3 24.Rd2 Kh8 25.Ne4 Qxb5 26.Rxc7 Nd5 27.Rc1 Raa8 28.g5 f5 
29.Ng3 f4 30.Ne4 fxe3 31.fxe3 Qb6 32.Re1 Nf4 33.Qf1 Be6 34.Nf2 Qa5 35.Rdd1
Ng6 1/2-1/2

[Event "zonal 2.2"]
[Site "Kingston CAN"]
[Date "1993.05.??"]
[Round "2"]
[White "Hartman, Brian"]
[Black "Basanta, Gary"]
[Result "1-0"]
[WhiteElo "2370"]
[BlackElo "2215"]
[EventDate "1994.05.14"]
[PlyCount "149"]

1.e4 c5 2.Nf3 d6 3.d4 cxd4 4.Nxd4 Nf6 5.Nc3 a6 6.Bc4 e6 7.Bb3 Nbd7 8.O-O 
Nc5 9.Re1 Be7 10.Qf3 O-O 11.Qg3 Kh8 12.Bd2 Qc7 13.a4 b6 14.Ba2 Bb7 15.f3 
Nh5 16.Qh3 g6 17.g4 Ng7 18.Bh6 Bf6 19.Rad1 Rfe8 20.Qg3 Qd8 21.Re2 g5 22.
Qf2 Be5 23.h4 Bf6 24.hxg5 Bxg5 25.Qh2 Qf6 26.Bxg5 Qxg5 27.Kf2 Nd7 28.Rh1 
Nf6 29.Qh6 Qxh6 30.Rxh6 Ng8 31.Rh3 Nf6 32.Re1 Nd7 33.Rd1 Rec8 34.Nb3 Ne8 
35.Nd2 b5 36.axb5 axb5 37.Bb3 Bc6 38.Ne2 Ra7 39.Nd4 Kg8 40.Rdh1 Nf8 41.Rh5
Rb7 42.g5 Bd7 43.Nf1 Ng7 44.Rh6 e5 45.Ne2 Be6 46.Bxe6 Ngxe6 47.Ne3 Ng6 48.
R6h5 f6 49.gxf6 Ngf4 50.Rf5 Rbc7 51.c3 Nd3+ 52.Kg3 Nef4 53.Nxf4 exf4+ 54.
Rxf4 Nxf4 55.Kxf4 Ra8 56.Nd5 Rf7 57.Kf5 Ra2 58.b4 Rg2 59.f4 Kf8 60.Ra1 Rd7
61.Ke6 Rd8 62.Rh1 Re2 63.e5 dxe5 64.fxe5 Ra2 65.Ne7 Ra6+ 66.Kf5 Rd3 67.
Rxh7 Rf3+ 68.Ke4 Rg3 69.Kf4 Rg1 70.Nf5 Rc6 71.Rh8+ Kf7 72.Nd6+ Ke6 73.f7 
Rf1+ 74.Ke4 Rxd6 75.Rh6+ 1-0

[Event "zonal 2.2"]
[Site "Kingston CAN"]
[Date "1993.05.??"]
[Round "2"]
[White "Nickoloff, Bryon"]
[Black "Livshits, Ron"]
[Result "0-1"]
[WhiteElo "2420"]
[BlackElo "2335"]
[EventDate "1994.05.14"]
[PlyCount "80"]

1.d4 Nf6 2.c4 g6 3.Nc3 Bg7 4.e4 d6 5.Be2 O-O 6.Nf3 e5 7.Be3 Ng4 8.Bg5 f6 
9.Bh4 Nc6 10.d5 Ne7 11.Nd2 Nh6 12.f3 g5 13.Bf2 f5 14.c5 g4 15.fxg4 Nxg4 
16.Bxg4 fxg4 17.Nc4 Ng6 18.cxd6 cxd6 19.O-O h5 20.Nb5 a6 21.Bb6 Qg5 22.
Rxf8+ Bxf8 23.Nc7 g3 24.Be3 Nf4 25.Bxf4 exf4 26.Nxa8 Bg4 27.Qf1 Qh4 28.h3 
f3 29.gxf3 Bxh3 30.Qe2 Bh6 31.Ne3 Bxe3+ 32.Qxe3 Bg2 33.Kxg2 Qh2+ 34.Kf1 
g2+ 35.Ke2 g1=Q+ 36.Kd3 Qxe3+ 37.Kxe3 Qxb2 38.Rh1 Qc3+ 39.Ke2 Qc8 40.Nb6 
Qc2+ 0-1

[Event "zonal 2.2"]
[Site "Kingston CAN"]
[Date "1993.05.??"]
[Round "2"]
[White "O'Donnell, Tom"]
[Black "Day, Lawrence"]
[Result "1-0"]
[WhiteElo "2395"]
[BlackElo "2395"]
[EventDate "1994.05.14"]
[PlyCount "108"]

1.e4 e5 2.Nf3 Nc6 3.Bb5 a6 4.Bxc6 dxc6 5.O-O f6 6.d4 Bg4 7.c3 exd4 8.cxd4 
Bxf3 9.Qxf3 Qxd4 10.Rd1 Qc4 11.Bf4 Bd6 12.Bxd6 cxd6 13.Qg3 Qf7 14.Rxd6 Nh6
15.Nc3 O-O 16.Rad1 Qc7 17.Rxf6 Qxg3 18.Rxf8+ Kxf8 19.hxg3 Ke7 20.f3 Nf7 
21.Na4 a5 22.Kf2 Ne5 23.f4 Rf8 24.Ke2 Nd7 25.e5 Rf5 26.Ke3 Rh5 27.Rc1 b5 
28.Nc5 Nb6 29.Ne4 Nc4+ 30.Ke2 Kd7 31.b3 Nb6 32.Nc5+ Ke7 33.Nb7 Rh6 34.Nxa5
Kd7 35.Nb7 Nd5 36.Nc5+ Kc7 37.a4 bxa4 38.bxa4 Kb6 39.Kf3 Ne7 40.g4 g6 41.
Ne6 g5 42.Nxg5 c5 43.f5 Rc6 44.Nxh7 c4 45.e6 Kc5 46.f6 Ng6 47.e7 Re6 48.g5
Kb4 49.Nf8 Nh4+ 50.Kf2 Re5 51.g4 c3 52.Kg3 Kb3 53.Kxh4 Kb2 54.Rxc3 Kxc3 
1-0

[Event "zonal 2.2"]
[Site "Kingston CAN"]
[Date "1993.05.??"]
[Round "3"]
[White "Basanta, Gary"]
[Black "Huber, Gregory"]
[Result "1/2-1/2"]
[WhiteElo "2215"]
[BlackElo "2320"]
[EventDate "1994.05.14"]
[PlyCount "98"]

1.e4 g6 2.d4 Bg7 3.c4 d6 4.Nc3 Nc6 5.Be3 e5 6.Nge2 f5 7.d5 Nce7 8.f3 Bh6 
9.Bxh6 Nxh6 10.Qd2 Nf7 11.h4 c5 12.g3 h6 13.O-O-O Bd7 14.Ng1 a6 15.Kb1 Qa5
16.Bd3 b5 17.h5 g5 18.Nh3 f4 19.Nf2 Nc8 20.Ng4 Bxg4 21.fxg4 Nb6 22.b3 bxc4
23.bxc4 Rb8 24.Ka1 Na4 25.Nxa4 Qxa4 26.Rb1 Kd7 27.Qc3 Rb4 28.Rb3 Rxb3 29.
Qxb3 Qxb3 30.axb3 Rb8 31.Kb2 Kc7 32.Rf1 Rb4 33.Kc3 a5 34.Bc2 Nd8 35.Ra1 
Nb7 36.Bd3 fxg3 37.Rg1 a4 38.bxa4 Rxa4 39.Rxg3 Kd8 40.Rg1 Ra3+ 41.Kc2 Ra2+
42.Kb3 Rf2 43.Ra1 Ke8 44.Ra6 Rf6 45.Ra1 Rf4 46.Rg1 Rf3 47.Kc3 Rf4 48.Rb1 
Nd8 49.Rg1 Nb7 1/2-1/2

[Event "zonal 2.2"]
[Site "Kingston CAN"]
[Date "1993.05.??"]
[Round "3"]
[White "Day, Lawrence"]
[Black "Hartman, Brian"]
[Result "1/2-1/2"]
[WhiteElo "2395"]
[BlackElo "2370"]
[EventDate "1994.05.14"]
[PlyCount "80"]

1.e4 c5 2.g3 g6 3.Bg2 Bg7 4.Ne2 Nc6 5.c4 e6 6.Nbc3 Nge7 7.Rb1 a6 8.a3 O-O 
9.d3 Nd4 10.b4 cxb4 11.axb4 Nxe2 12.Nxe2 d5 13.exd5 exd5 14.c5 Bf5 15.h3 
Qd7 16.g4 Be6 17.d4 Nc6 18.Be3 Rae8 19.Qd2 f5 20.gxf5 Bxf5 21.Rb3 Be4 22.
Kf1 Qf7 23.Rh2 Bf3 24.Ng1 Bxg2+ 25.Rxg2 Re4 26.Rd3 Ne7 27.Rg4 Qe6 28.Rxe4 
Qxe4 29.f3 Qe6 30.Bf2 Nf5 31.Kg2 Re8 32.Qb2 Qd7 33.Qb3 Bf6 34.Rd2 Kg7 35.
Re2 Rd8 36.Qd3 Qa4 37.Rb2 Qa1 38.Qd2 Re8 39.Ra2 Qb1 40.Rb2 Qa1 1/2-1/2

[Event "zonal 2.2"]
[Site "Kingston CAN"]
[Date "1993.05.??"]
[Round "3"]
[White "Gentes, Kevin"]
[Black "Horton, Joe"]
[Result "1-0"]
[WhiteElo "2285"]
[BlackElo "2305"]
[EventDate "1994.05.14"]
[PlyCount "133"]

1.d4 Nf6 2.c4 c5 3.e3 g6 4.Nf3 Bg7 5.Nc3 O-O 6.Be2 cxd4 7.exd4 d5 8.O-O 
Nc6 9.Re1 Bg4 10.cxd5 Nxd5 11.h3 Bf5 12.a3 Rc8 13.Bg5 h6 14.Be3 a6 15.Rc1 
Qd6 16.Nxd5 Qxd5 17.Bc4 Qd6 18.Qd2 Kh7 19.d5 Ne5 20.Nxe5 Qxe5 21.g4 Bd7 
22.Bf4 Qf6 23.Be5 Qh4 24.Bf1 h5 25.Bg3 Qf6 26.gxh5 gxh5 27.Bd3+ Kg8 28.Be5
Qh4 29.Bxg7 Kxg7 30.Re3 f5 31.Rce1 Kf7 32.Qe2 Rce8 33.Qf3 Kg7 34.Kh2 Kh8 
35.Re5 Rf7 36.Rg1 Ref8 37.Rg6 Kh7 38.Rg2 Kh6 39.Qe3+ Kh7 40.Qg5 Qxg5 41.
Rxg5 Rg8 42.Bxf5+ Bxf5 43.Rgxf5 Rxf5 44.Rxf5 Kg6 45.Re5 Rf8 46.Kg2 Rf7 47.
Re6+ Kf5 48.Rb6 Ke4 49.Rxb7 Rg7+ 50.Kf1 Kxd5 51.Ra7 Ke4 52.Rxa6 e5 53.b4 
Rc7 54.b5 Rc2 55.a4 Ra2 56.Kg2 Kd5 57.b6 Kc6 58.a5 e4 59.Kg3 h4+ 60.Kf4 
Rxf2+ 61.Kxe4 Rh2 62.Ra7 Rxh3 63.Rc7+ Kd6 64.Rc8 Rb3 65.a6 h3 66.a7 h2 67.
Rh8 1-0

[Event "zonal 2.2"]
[Site "Kingston CAN"]
[Date "1993.05.??"]
[Round "3"]
[White "Spraggett, Kevin"]
[Black "Nickoloff, Bryon"]
[Result "1/2-1/2"]
[WhiteElo "2540"]
[BlackElo "2420"]
[EventDate "1994.05.14"]
[PlyCount "125"]

1.d4 Nf6 2.c4 e6 3.Nc3 Bb4 4.e3 O-O 5.Bd3 c5 6.Nf3 d5 7.O-O b6 8.cxd5 exd5
9.Ne5 Re8 10.Bd2 Ba6 11.Bxa6 Nxa6 12.Qa4 Qc8 13.Rfc1 Qb7 14.Nd3 b5 15.Qd1 
c4 16.Nf4 Bd6 17.Nh5 Nxh5 18.Qxh5 Nb4 19.Rf1 Rad8 20.a4 bxa4 21.Rxa4 Nd3 
22.Rb1 Bb4 23.Qd1 a5 24.b3 Qd7 25.bxc4 dxc4 26.Ra2 Qf5 27.Qf3 Qg5 28.Qg3 
Qh5 29.Qf3 Qg6 30.Qg3 Qe6 31.h3 Rd6 32.Qg5 h6 33.Qh5 Qf6 34.Rf1 Qd8 35.Qb5
Qc8 36.Rc2 Re7 37.Qh5 Qe6 38.Ra1 Rb7 39.Qg4 f5 40.Qf3 Qd7 41.Rca2 Kh7 42.
g3 Rb8 43.Kh2 Rf8 44.Rd1 Qd8 45.Kg2 Qb8 46.Rc2 Bxc3 47.Bxc3 Qb3 48.Qe2 a4 
49.Kh2 a3 50.Ba1 Rb6 51.d5 Kg8 52.Rc3 Qa4 53.Qc2 Qxc2 54.Rxc2 Rb4 55.Bd4 
Rd8 56.Ra1 Rxd5 57.Rxa3 Ne1 58.Ra8+ Kh7 59.Rb2 Rb3 60.Rxb3 cxb3 61.Rb8 
Nf3+ 62.Kg2 Nxd4 63.exd4 1/2-1/2

[Event "zonal 2.2"]
[Site "Kingston CAN"]
[Date "1993.05.??"]
[Round "4"]
[White "Horton, Joe"]
[Black "Livshits, Ron"]
[Result "1-0"]
[WhiteElo "2305"]
[BlackElo "2335"]
[EventDate "1994.05.14"]
[PlyCount "81"]

1.Nf3 Nf6 2.g3 b5 3.Bg2 Bb7 4.O-O e6 5.a4 b4 6.b3 Be7 7.Bb2 O-O 8.d3 a5 9.
e4 d6 10.Nbd2 Nbd7 11.Re1 Nb6 12.h3 Re8 13.Nh2 d5 14.e5 Nfd7 15.Qh5 c5 16.
Rad1 Qc7 17.Ng4 Rac8 18.Nf3 Qd8 19.h4 h6 20.Nxh6+ gxh6 21.Qxh6 Nf8 22.Nh2 
Nh7 23.f4 Rc6 24.g4 Bf8 25.Qh5 Nc8 26.f5 exf5 27.gxf5 Ne7 28.e6 f6 29.Ng4 
Bg7 30.Nxf6+ Nxf6 31.Qf7+ Kh8 32.Bxf6 Bxf6 33.Qxf6+ Kh7 34.Qf7+ Kh6 35.f6 
Nf5 36.Re5 Rc7 37.e7 Qd7 38.Rxf5 Qxf5 39.Qg7+ Kh5 40.Bf3+ Kxh4 41.Qh6+ 1-0

[Event "zonal 2.2"]
[Site "Kingston CAN"]
[Date "1993.05.??"]
[Round "4"]
[White "Huber, Gregory"]
[Black "Day, Lawrence"]
[Result "1/2-1/2"]
[WhiteElo "2320"]
[BlackElo "2395"]
[EventDate "1994.05.14"]
[PlyCount "90"]

1.e4 e5 2.Bc4 Nf6 3.d3 c6 4.Nf3 Be7 5.O-O d6 6.c3 O-O 7.Bb3 Na6 8.Re1 Nd7 
9.d4 Bf6 10.Nbd2 Qe7 11.Nf1 Nc7 12.a4 b6 13.Bc2 Rd8 14.Ne3 g6 15.b3 Bg7 
16.Ba3 c5 17.Ra2 Bb7 18.Bb1 Nf6 19.Nc4 Nh5 20.dxe5 dxe5 21.Qe2 Nf4 22.Qf1 
Bc8 23.Bc1 Bg4 24.Nfd2 Qg5 25.Kh1 Qh5 26.f3 Bc8 27.Re3 Bh6 28.g3 Bh3 29.
Qd1 Bg2+ 30.Kg1 Nce6 31.Qe1 Bh3 32.gxf4 exf4 33.Re2 Bg5 34.Kh1 Bh4 35.Qg1 
Ng5 36.Rf2 Be6 37.Qf1 Bxf2 38.Qxf2 Rd7 39.e5 Nh3 40.Qe2 Qg5 41.Qe1 Rad8 
42.Nd6 f6 43.c4 fxe5 44.N6e4 Qe7 45.Nc3 Bf5 1/2-1/2

[Event "zonal 2.2"]
[Site "Kingston CAN"]
[Date "1993.05.??"]
[Round "4"]
[White "Lesiege, Alexandre"]
[Black "Gentes, Kevin"]
[Result "1-0"]
[WhiteElo "2375"]
[BlackElo "2285"]
[EventDate "1994.05.14"]
[PlyCount "57"]

1.d4 Nf6 2.c4 e6 3.Nc3 Bb4 4.e3 c5 5.Ne2 d5 6.a3 Bxc3+ 7.Nxc3 cxd4 8.exd4 
Nc6 9.c5 Ne4 10.Qd3 f5 11.Be3 O-O 12.f3 f4 13.fxe4 fxe3 14.O-O-O e5 15.
exd5 Bf5 16.Qxe3 exd4 17.dxc6 dxe3 18.Bc4+ Kh8 19.Rxd8 Raxd8 20.cxb7 Bd7 
21.Bd5 Rf2 22.Re1 Bf5 23.Rxe3 Rc2+ 24.Kd1 Rxb2 25.c6 g6 26.c7 Rxd5+ 27.
Nxd5 Rxb7 28.Re8+ Kg7 29.Rb8 1-0

[Event "zonal 2.2"]
[Site "Kingston CAN"]
[Date "1993.05.??"]
[Round "4"]
[White "Nickoloff, Bryon"]
[Black "Basanta, Gary"]
[Result "0-1"]
[WhiteElo "2420"]
[BlackElo "2215"]
[EventDate "1994.05.14"]
[PlyCount "86"]

1.d4 Nf6 2.c4 c5 3.d5 b5 4.cxb5 a6 5.e3 axb5 6.Bxb5 Qa5+ 7.Nc3 Bb7 8.Ne2 
Bxd5 9.O-O Bc6 10.Qd3 Bxb5 11.Nxb5 Nc6 12.a4 d5 13.e4 dxe4 14.Qg3 e5 15.
Nec3 Be7 16.Qxg7 Rg8 17.Qh6 Nd4 18.Nxd4 cxd4 19.Nxe4 Qd5 20.Ng3 Rg6 21.Qh3
Bc5 22.Qf5 Kf8 23.Bg5 Ne8 24.f4 d3+ 25.Kh1 Ng7 26.Qe4 Qxe4 27.Nxe4 Bd4 28.
fxe5 Bxb2 29.Rab1 Bxe5 30.Rb7 f5 31.g4 Rxa4 32.gxf5 Rxe4 33.fxg6+ Kg8 34.
Rb8+ Bxb8 35.gxh7+ Kxh7 36.Rd1 Ne6 37.Bf6 Nc5 38.Kg2 Kg6 39.Bd8 Re2+ 40.
Kf3 Re6 41.Ba5 Be5 42.Re1 Kf5 43.Bb4 Bd4 0-1

[Event "zonal 2.2"]
[Site "Kingston CAN"]
[Date "1993.05.??"]
[Round "4"]
[White "O'Donnell, Tom"]
[Black "Hartman, Brian"]
[Result "1/2-1/2"]
[WhiteElo "2395"]
[BlackElo "2370"]
[EventDate "1994.05.14"]
[PlyCount "88"]

1.e4 e5 2.Nf3 Nc6 3.d4 exd4 4.Nxd4 Nf6 5.Nc3 Bb4 6.Nxc6 bxc6 7.Bd3 d5 8.
exd5 cxd5 9.O-O O-O 10.Bg5 c6 11.Ne2 Bg4 12.c3 Be7 13.Qa4 Bd7 14.Nd4 Qb6 
15.Qc2 h6 16.Bh4 Rfe8 17.Rae1 Qc7 18.Bf5 c5 19.Bxd7 Nxd7 20.Bg3 Qb6 21.Nf5
Bf8 22.Rd1 Qe6 23.Ne3 Nb6 24.Qb3 Qc6 25.Rd2 c4 26.Qc2 Bc5 27.Nf5 Re4 28.
Re2 Rae8 29.Rfe1 Rxe2 30.Rxe2 Rxe2 31.Qxe2 Qe6 32.Ne3 Qe4 33.h3 f5 34.Qc2 
Bxe3 35.Qxe4 dxe4 36.fxe3 Na4 37.b3 cxb3 38.axb3 Nxc3 39.Be5 Nb5 40.Kf2 
Kf7 41.g4 g6 42.Kg3 a6 43.Kf4 Ke6 44.gxf5+ gxf5 1/2-1/2

[Event "zonal 2.2"]
[Site "Kingston CAN"]
[Date "1993.05.??"]
[Round "5"]
[White "Hartman, Brian"]
[Black "Huber, Gregory"]
[Result "1-0"]
[WhiteElo "2370"]
[BlackElo "2320"]
[EventDate "1994.05.14"]
[PlyCount "39"]

1.e4 g6 2.d4 Bg7 3.Nf3 d6 4.c3 e5 5.Bc4 Qe7 6.O-O Nc6 7.dxe5 dxe5 8.b4 Bd7
9.b5 Na5 10.Ba3 Qf6 11.Be2 Ne7 12.c4 Rd8 13.Qa4 b6 14.Bb4 g5 15.Nc3 g4 16.
Ne1 c6 17.Rd1 O-O 18.Bxa5 bxa5 19.Qxa5 Qh4 20.Qc7 1-0

[Event "zonal 2.2"]
[Site "Kingston CAN"]
[Date "1993.05.??"]
[Round "5"]
[White "Spraggett, Kevin"]
[Black "Horton, Joe"]
[Result "1-0"]
[WhiteElo "2540"]
[BlackElo "2305"]
[EventDate "1994.05.14"]
[PlyCount "89"]

1.c4 g6 2.d4 Bg7 3.Nf3 d6 4.Nc3 Nc6 5.d5 Ne5 6.Nxe5 Bxe5 7.e4 Bg7 8.Be2 
Nf6 9.O-O O-O 10.Be3 e6 11.dxe6 fxe6 12.f4 b6 13.Bf3 Bb7 14.Qd2 Nd7 15.
Rad1 Qe7 16.e5 Bxf3 17.Rxf3 Nc5 18.Bxc5 bxc5 19.exd6 cxd6 20.Qxd6 Qxd6 21.
Rxd6 Bd4+ 22.Kf1 Bxc3 23.bxc3 Rab8 24.Rxe6 Rfd8 25.Rfe3 Rb2 26.Re2 Rd1+ 
27.Kf2 Rxe2+ 28.Kxe2 Rg1 29.Ra6 Rxg2+ 30.Ke3 Rxh2 31.Rxa7 h5 32.a4 h4 33.
Kf3 Rc2 34.Kg4 Rxc3 35.Kxh4 Rxc4 36.Kg5 Rd4 37.a5 c4 38.Rc7 Rd5+ 39.Kxg6 
Rd6+ 40.Kg5 Rd5+ 41.f5 Rxa5 42.Kg6 Ra8 43.f6 c3 44.Rg7+ Kh8 45.Rh7+ 1-0

[Event "zonal 2.2"]
[Site "Kingston CAN"]
[Date "1993.05.??"]
[Round "6"]
[White "Gentes, Kevin"]
[Black "Livshits, Ron"]
[Result "1-0"]
[WhiteElo "2285"]
[BlackElo "2335"]
[EventDate "1994.05.14"]
[PlyCount "53"]

1.d4 Nf6 2.c4 g6 3.g3 Bg7 4.Bg2 O-O 5.Nc3 d6 6.e3 c5 7.Nge2 Nbd7 8.O-O a6 
9.b3 Rb8 10.a4 b6 11.Ba3 Bb7 12.d5 Qc7 13.Ra2 Ba8 14.Bc1 Rb7 15.e4 Rfb8 
16.Re1 Qd8 17.Bd2 Ne8 18.Bf1 Nc7 19.Nc1 Bd4 20.Rc2 e6 21.Be3 Bg7 22.dxe6 
Nxe6 23.Qxd6 Bxc3 24.Rxc3 Qf6 25.Na2 Ne5 26.Bf4 Nf3+ 27.Rxf3 1-0

[Event "zonal 2.2"]
[Site "Kingston CAN"]
[Date "1993.05.??"]
[Round "6"]
[White "Horton, Joe"]
[Black "Basanta, Gary"]
[Result "1/2-1/2"]
[WhiteElo "2305"]
[BlackElo "2215"]
[EventDate "1994.05.14"]
[PlyCount "81"]

1.g3 e5 2.Bg2 d5 3.d3 Be7 4.Nf3 Nc6 5.O-O Nf6 6.c4 O-O 7.cxd5 Nxd5 8.Nc3 
Nb6 9.a3 a5 10.Be3 Bg4 11.Rc1 f5 12.Na4 e4 13.Nxb6 cxb6 14.Qb3+ Kh8 15.
dxe4 fxe4 16.Rfd1 Qe8 17.Nd4 Bc5 18.Nxc6 Qxc6 19.Bxc5 bxc5 20.Qe3 Qb5 21.
Bxe4 Bxe2 22.Rd2 Bg4 23.Rxc5 Qa6 24.Bd3 Qf6 25.Qe4 Qh6 26.Rdc2 Bf3 27.Qc4 
Rae8 28.Bf1 Bc6 29.Re2 Rd8 30.Qc1 Qf6 31.Rc3 Qd4 32.Bg2 Bb5 33.Ree3 Qd2 
34.Qxd2 Rxd2 35.Re1 Rdxf2 36.Rec1 b6 37.Bf3 Rd2 38.Rc8 Kg8 39.R1c2 Rd7 40.
Kg2 Rxc8 41.Rxc8+ 1/2-1/2

[Event "zonal 2.2"]
[Site "Kingston CAN"]
[Date "1993.05.??"]
[Round "6"]
[White "O'Donnell, Tom"]
[Black "Huber, Gregory"]
[Result "0-1"]
[WhiteElo "2395"]
[BlackElo "2320"]
[EventDate "1994.05.14"]
[PlyCount "62"]

1.e4 c5 2.Nf3 d6 3.d4 cxd4 4.Nxd4 Nf6 5.Nc3 a6 6.Be3 e6 7.f3 Qc7 8.g4 h6 
9.Qd2 Nbd7 10.O-O-O b5 11.a3 Rb8 12.h4 Ne5 13.Kb1 d5 14.Bf4 Bd6 15.Bxe5 
Bxe5 16.exd5 Bd7 17.dxe6 fxe6 18.Bh3 b4 19.axb4 Rxb4 20.Nb3 a5 21.g5 a4 
22.gxf6 axb3 23.f7+ Kf8 24.cxb3 Rxb3 25.Qc2 Rxc3 26.bxc3 Kxf7 27.Rd3 Qa7 
28.Re1 Rb8+ 29.Kc1 Bf4+ 30.Kd1 Ba4 31.Bxe6+ Kf8 0-1

[Event "zonal 2.2"]
[Site "Kingston CAN"]
[Date "1993.05.??"]
[Round "7"]
[White "Day, Lawrence"]
[Black "Horton, Joe"]
[Result "0-1"]
[WhiteElo "2395"]
[BlackElo "2305"]
[EventDate "1994.05.14"]
[PlyCount "80"]

1.e4 c5 2.Nf3 e6 3.d4 cxd4 4.Nxd4 a6 5.Bd3 Nc6 6.Nxc6 bxc6 7.O-O e5 8.Nd2 
Nf6 9.b3 Bc5 10.Bb2 d6 11.h3 O-O 12.Kh1 g5 13.Nc4 Kh8 14.g4 Be6 15.Qe2 Kg8
16.Rad1 Qc7 17.f3 Nd7 18.Bc3 f6 19.Ba5 Qa7 20.Nxd6 Kg7 21.Bc4 Bg8 22.Nf5+ 
Kg6 23.Bxg8 Rxg8 24.b4 Bf8 25.Qc4 Rh8 26.Qxc6 Nb8 27.Qd5 h5 28.Kg2 hxg4 
29.hxg4 Bg7 30.c4 Bf8 31.c5 Qf7 32.Bb6 Nc6 33.a3 Nd4 34.Rh1 Ne6 35.Kg3 Be7
36.Nxe7+ Qxe7 37.Qd7 Qxd7 38.Rxd7 Rxh1 39.a4 Rah8 40.c6 R1h2 0-1

[Event "zonal 2.2"]
[Site "Kingston CAN"]
[Date "1993.05.??"]
[Round "7"]
[White "Livshits, Ron"]
[Black "O'Donnell, Tom"]
[Result "0-1"]
[WhiteElo "2335"]
[BlackElo "2395"]
[EventDate "1994.05.14"]
[PlyCount "40"]

1.e4 c5 2.Nf3 d6 3.c3 Nf6 4.Be2 Bg4 5.O-O e6 6.h3 Bh5 7.d3 Be7 8.Be3 O-O 
9.Nbd2 Nc6 10.a3 d5 11.Qc2 Rc8 12.Rac1 Qc7 13.Qb1 h6 14.b4 b6 15.g4 Bg6 
16.b5 Na5 17.g5 hxg5 18.Nxg5 c4 19.f4 dxe4 20.dxe4 Nd5 0-1

[Event "zonal 2.2"]
[Site "Kingston CAN"]
[Date "1993.05.??"]
[Round "7"]
[White "Spraggett, Kevin"]
[Black "Gentes, Kevin"]
[Result "0-1"]
[WhiteElo "2540"]
[BlackElo "2285"]
[EventDate "1994.05.14"]
[PlyCount "66"]

1.c4 e6 2.Nc3 d5 3.d4 c6 4.e4 dxe4 5.Nxe4 Bb4+ 6.Bd2 Qxd4 7.Bxb4 Qxe4+ 8.
Be2 c5 9.Bxc5 Qxg2 10.Bf3 Qg5 11.Bd6 Nc6 12.Ne2 Nge7 13.Rg1 Qf6 14.Nc3 Nd4
15.Bh1 Ndf5 16.Ba3 Qe5+ 17.Be4 Qxh2 18.Rh1 Qe5 19.Qe2 Nd4 20.Qe3 Nef5 21.
Qd3 Bd7 22.O-O-O O-O-O 23.Rhe1 Qf4+ 24.Kb1 Bc6 25.Qh3 Bxe4+ 26.Rxe4 Qxf2 
27.Rc1 Qf3 28.Qh2 Qg3 29.Rh1 Nf3 30.Qc2 Nd2+ 31.Ka1 Nxe4 32.Qxe4 Qd3 33.
Qe5 Nd4 0-1

[Event "zonal 2.2"]
[Site "Kingston CAN"]
[Date "1993.05.??"]
[Round "8"]
[White "Gentes, Kevin"]
[Black "Basanta, Gary"]
[Result "0-1"]
[WhiteElo "2285"]
[BlackElo "2215"]
[EventDate "1994.05.14"]
[PlyCount "122"]

1.d4 Nf6 2.c4 c5 3.e3 e6 4.Nf3 b6 5.Nc3 a6 6.Be2 Bb7 7.O-O d6 8.b3 Be7 9.
Bb2 O-O 10.Qc2 Nbd7 11.Rad1 Qc7 12.Qb1 cxd4 13.Nxd4 Ne5 14.Rc1 Rfe8 15.
Rfd1 Rad8 16.h3 Bf8 17.Bf1 Qb8 18.Na4 Ba8 19.Ba3 Ng6 20.Nc3 Nh4 21.Qb2 Qb7
22.f3 e5 23.Nc2 Nxf3+ 24.gxf3 Qxf3 25.Nd5 Qg3+ 26.Bg2 Re6 27.Kh1 Ng4 28.
hxg4 Rh6+ 29.Kg1 Qh2+ 30.Kf2 Bxd5 31.Rxd5 Rf6+ 32.Ke2 Qxg2+ 33.Kd3 Rf2 34.
Rd1 g6 35.Kc3 Bg7 36.R5d2 Qxg4 37.Qc1 Rf3 38.Kb2 e4+ 39.Kb1 b5 40.Rxd6 
Rxd6 41.Rxd6 h5 42.c5 Kh7 43.c6 Qc8 44.Nb4 Be5 45.Nd5 Bxd6 46.Bxd6 Qd8 47.
Bb4 Qxd5 48.c7 Qd3+ 49.Kb2 Rf2+ 50.Ka3 Qe2 51.Be1 Qxa2+ 52.Kb4 Rc2 53.c8=Q
a5+ 54.Kxb5 Qxb3+ 55.Ka6 Rxc8 56.Qxc8 Qe6+ 57.Qxe6 fxe6 58.Kxa5 g5 59.Kb4 
Kg6 60.Kc3 Kf5 61.Kd2 Kg4 0-1

[Event "zonal 2.2"]
[Site "Kingston CAN"]
[Date "1993.05.??"]
[Round "8"]
[White "Horton, Joe"]
[Black "Hartman, Brian"]
[Result "0-1"]
[WhiteElo "2305"]
[BlackElo "2370"]
[EventDate "1994.05.14"]
[PlyCount "56"]

1.e4 e5 2.Nf3 Nc6 3.Bb5 a6 4.Ba4 Nf6 5.O-O Be7 6.Re1 b5 7.Bb3 O-O 8.d4 d6 
9.h3 Nxd4 10.Nxd4 exd4 11.a4 Bb7 12.c3 dxc3 13.Nxc3 b4 14.Nd5 Nxd5 15.exd5
a5 16.Bf4 Bf6 17.Qc2 Rc8 18.Rad1 Re8 19.Bc4 g6 20.Bb5 Re7 21.b3 Bc3 22.Re4
Rxe4 23.Qxe4 Qf6 24.Qe3 Qf5 25.Bc4 Ra8 26.Qe7 Qxf4 27.Qxc7 Bd4 28.Rf1 Ra7 
0-1

[Event "zonal 2.2"]
[Site "Kingston CAN"]
[Date "1993.05.??"]
[Round "8"]
[White "Livshits, Ron"]
[Black "Spraggett, Kevin"]
[Result "0-1"]
[WhiteElo "2335"]
[BlackElo "2540"]
[EventDate "1994.05.14"]
[PlyCount "68"]

1.d4 Nf6 2.c4 d6 3.Nc3 Nbd7 4.e4 e5 5.Nf3 Be7 6.Be2 c6 7.O-O O-O 8.Qc2 Re8
9.d5 h6 10.Rd1 c5 11.a3 Nh7 12.b4 b6 13.Ne1 Ndf8 14.Rb1 Ng6 15.bxc5 bxc5 
16.Nd3 Rf8 17.Bh5 Bg5 18.Qa4 Bxc1 19.Bxg6 fxg6 20.Rdxc1 a5 21.Rb2 Ng5 22.
Rcb1 Bd7 23.Qc2 h5 24.Rb6 Bg4 25.Rc6 Qe7 26.Rbb6 Rad8 27.Ne1 h4 28.Nb5 h3 
29.g3 Qf6 30.f4 exf4 31.Nxd6 Rxd6 32.Rxd6 Qa1 33.Rb1 Qd4+ 34.Qf2 Qxf2+ 0-1

[Event "zonal 2.2"]
[Site "Kingston CAN"]
[Date "1993.05.??"]
[Round "8"]
[White "O'Donnell, Tom"]
[Black "Nickoloff, Bryon"]
[Result "1/2-1/2"]
[WhiteElo "2395"]
[BlackElo "2420"]
[EventDate "1994.05.14"]
[PlyCount "51"]

1.e4 e5 2.Nf3 Nc6 3.d4 exd4 4.Nxd4 Nf6 5.Nc3 Bb4 6.Nxc6 bxc6 7.Bd3 d5 8.
exd5 cxd5 9.O-O O-O 10.Bg5 c6 11.Na4 h6 12.Bh4 Re8 13.c3 Bd6 14.h3 Bf4 15.
Qf3 g5 16.Bg3 Qd6 17.Bxf4 gxf4 18.Rfe1 Be6 19.b4 d4 20.c4 Qxb4 21.Qxf4 Kg7
22.Qg3+ Kf8 23.Qf3 Kg7 24.Qg3+ Kf8 25.Qf3 Kg7 26.Qg3+ 1/2-1/2